Statistics for Cities With 500 Meter Skyscrapers

Click here to take the quiz!

General Stats

  • This quiz has been taken 239 times
  • The average score is 6 of 8

Answer Stats

BuildingMeters / FeetCity% Correct
Burj Khalifa828 / 2717Dubai
97%
One World Trade Center541 / 1776New York City
96%
Shanghai Tower632 / 2073Shanghai
95%
Taipei 101509 / 1670Taipei
75%
CTF Finance Centre530 / 1740Guangzhou
71%
Lotte World Tower555 / 1823Seoul
70%
Abraj Al-Bait Clock Tower601 / 1971Mecca
52%
Ping An Finance Centre600 / 1969Shenzhen
49%

Score Distribution

Percentile by Number Answered

Percent of People with Each Score

Your Score History

You have not taken this quiz